000 00752nam a2200229 4500
003 OSt
005 20240615023756.0
006 a
008 240615b |||||||| |||| 00| 0 eng d
020 _a9781412959414
040 _aDWCL-Main lib.
_cOC
082 _aCirc. 153.6 N532c 2010
111 _aSandi W. Smith, Steven R. Wilson.
245 _aNew directions in interpersonal communication research /
260 _aCalifornia :
_bSAGE Pub.,
_cc2010.
300 _axviii,
_b339 p. : ill. ;
_c22 cm.
504 _aIncludes bibliographical references & index.
650 _a1. Interpersonal communication.
650 _a2. Interpersonal communication–Research.
711 _aSandi W. Smith, Steven R. Wilson.
942 _2ddc
_n0
_cBK-CIRC
_kCirc.
999 _c756
_d756